[Event "Gran Canaria-ch Seniors"]
[Site "Gran Canaria"]
[Date "2015.05.12"]
[Round "4"]
[White "Martinez Molina, Jose Juan"]
[Black "Padron Pulido, Pedro Gabino"]
[Result "0-1"]
[WhiteElo "1843"]
[BlackElo "2010"]
[PlyCount "70"]
[EventDate "2015.04.28"]
[EventType "swiss"]
[EventRounds "6"]
[EventCountry "ESP"]
[SourceTitle "CBM 166 Extra"]
[Source "ChessBase"]
[SourceDate "2015.06.18"]
[SourceVersion "1"]
[SourceVersionDate "2015.06.18"]
[SourceQuality "1"]

1. e4 c5 2. Nf3 Nc6 3. d4 cxd4 4. Nxd4 Qb6 5. Nb3 Nf6 6. Nc3 e6 7. Be3 Qc7 8. a3 a6 9. f4 d6 10. Be2 b5 11. 0-0 Bb7 12. Bf3 Be7 13. Qe1 h5 14. h3 h4 15. Qf2 Nd7 16. Rad1 0-0-0 17. Ne2 g5 18. Nbd4 gxf4 19. Nxc6 Bxc6 20. Nxf4 Qb7 21. Nd5 Ne5 22. Nxe7+ Qxe7 23. b3 Nxf3+ 24. Qxf3 f5 25. Qe2 Bxe4 26. Rf2 d5 27. a4 Qb7 28. axb5 Qxb5 29. c4 dxc4 30. Rc1 Qxb3 31. Rxc4+ Kb7 32. Rc1 Rd3 33. Bf4 Rc8 34. Rxc8 Kxc8 35. Qh5 Qd1+ 0-1

[Event "Gran Canaria-ch Seniors"]
[Site "Gran Canaria"]
[Date "2015.04.28"]
[Round "1"]
[White "Macias Reyes, Jose Luis"]
[Black "Padron Pulido, Pedro Gabino"]
[Result "0-1"]
[WhiteElo "1608"]
[BlackElo "2010"]
[PlyCount "56"]
[EventDate "2015.04.28"]
[EventType "swiss"]
[EventRounds "6"]
[EventCountry "ESP"]
[SourceTitle "CBM 166 Extra"]
[Source "ChessBase"]
[SourceDate "2015.06.18"]
[SourceVersion "1"]
[SourceVersionDate "2015.06.18"]
[SourceQuality "1"]

1. d4 Nf6 2. c4 e6 3. Nc3 Bb4 4. Qc2 b6 5. a3 Bxc3+ 6. Qxc3 Ne4 7. Qd3 Bb7 8. Nf3 0-0 9. g3 f5 10. Bg2 d6 11. b4 Nd7 12. 0-0 Ndf6 13. Ng5 Qc8 14. f3 Nxg5 15. Bxg5 h6 16. Bd2 Qe8 17. e4 fxe4 18. fxe4 Qg6 19. Rae1 d5 20. Qe2 Nxe4 21. Bf4 Rf7 22. Rc1 Rc8 23. c5 bxc5 24. bxc5 e5 25. Bxe5 Ba6 26. Qb2 Bxf1 27. Bxf1 Rcf8 28. Bf4 Rxf4 0-1

[Event "Las Palmas Insular-chT Pref 1314"]
[Site "Agaete"]
[Date "2014.03.15"]
[Round "11.4"]
[White "Acosta Santana, Yonay Jesus"]
[Black "Padron Pulido, Pedro Gabino"]
[Result "0-1"]
[WhiteElo "1597"]
[BlackElo "1997"]
[PlyCount "109"]
[EventDate "2013.11.09"]
[EventType "team-tourn"]
[EventRounds "14"]
[EventCountry "ESP"]
[SourceTitle "EXT 2015"]
[Source "ChessBase"]
[SourceDate "2014.11.20"]
[SourceVersion "1"]
[SourceVersionDate "2014.11.20"]
[SourceQuality "1"]
[WhiteTeam "Panaderia Pulido San Mateo"]
[BlackTeam "Tres W"]
[WhiteTeamCountry "ESP"]
[BlackTeamCountry "ESP"]

1. d4 Nf6 2. Nf3 b6 3. Bf4 Bb7 4. e3 e6 5. Nbd2 Be7 6. Bd3 d5 7. c3 0-0 8. Qc2 c5 9. 0-0 Nc6 10. Rac1 Rc8 11. Qb1 Bd6 12. Bg3 Bxg3 13. hxg3 h6 14. b4 c4 15. Bc2 b5 16. a4 a6 17. a5 Qc7 18. Nh2 e5 19. f4 e4 20. g4 Nh7 21. Rf2 Rce8 22. Ndf1 Bc8 23. Bd1 Qd8 24. g3 Kh8 25. Qc2 Bd7 26. Qe2 Qe7 27. Rb1 Qd8 28. Rc1 Ne7 29. g5 hxg5 30. fxg5 Ng6 31. Qh5 Qxg5 32. Qxg5 Nxg5 33. Bh5 Nh3+ 34. Kg2 Nxf2 35. Kxf2 Re6 36. Rc2 Ne7 37. Kg2 g6 38. Bd1 Kg7 39. Ng4 Nc6 40. Rf2 f5 41. Ngh2 g5 42. Nd2 Ref6 43. Be2 Ne7 44. Bd1 Ng6 45. Nhf1 f4 46. gxf4 gxf4 47. exf4 Nxf4+ 48. Kh1 Nd3 49. Rg2+ Rg6 50. Rxg6+ Kxg6 51. Ne3 Rf2 52. Ndf1 Rxf1+ 53. Nxf1 Nf2+ 54. Kg2 Nxd1 55. Ne3 0-1

[Event "Las Palmas Insular-chT Pref 1314"]
[Site "Agaete"]
[Date "2014.01.25"]
[Round "7.4"]
[White "Padron Pulido, Pedro Gabino"]
[Black "Cruz Pino, Adrian"]
[Result "1-0"]
[WhiteElo "1997"]
[BlackElo "2011"]
[PlyCount "59"]
[EventDate "2013.11.09"]
[EventType "team-tourn"]
[EventRounds "14"]
[EventCountry "ESP"]
[SourceTitle "EXT 2015"]
[Source "ChessBase"]
[SourceDate "2014.11.20"]
[SourceVersion "1"]
[SourceVersionDate "2014.11.20"]
[SourceQuality "1"]
[WhiteTeam "Tres W"]
[BlackTeam "Anand"]
[WhiteTeamCountry "ESP"]
[BlackTeamCountry "ESP"]

1. e4 c5 2. c3 Nf6 3. e5 Nd5 4. d4 e6 5. Nf3 b6 6. Be2 Be7 7. 0-0 cxd4 8. cxd4 Bb7 9. Nc3 0-0 10. Nd2 d6 11. Bf3 dxe5 12. dxe5 Nxc3 13. bxc3 Bxf3 14. Qxf3 Nd7 15. Qg3 Qc7 16. Nf3 Kh8 17. Bd2 Rac8 18. Rfe1 Qb7 19. Nd4 Qd5 20. Rad1 Qxa2 21. Bf4 Rc7 22. Nf5 exf5 23. e6 fxe6 24. Bxc7 Nc5 25. Bd6 Bxd6 26. Qxd6 Rg8 27. Ra1 Qb2 28. Rxa7 Qxc3 29. Rd1 b5 30. Rc7 1-0

[Event "Las Palmas Insular-chT Pref qual"]
[Site "San Fernando"]
[Date "2013.04.20"]
[Round "3.3"]
[White "Mikoleizig, Egenhard"]
[Black "Padron Pulido, Pedro Gabino"]
[Result "0-1"]
[WhiteElo "2176"]
[BlackElo "1959"]
[PlyCount "82"]
[EventDate "2013.04.06"]
[EventType "team-tourn"]
[EventRounds "3"]
[EventCountry "ESP"]
[SourceTitle "EXT 2014"]
[Source "ChessBase"]
[SourceDate "2013.11.20"]
[SourceVersion "1"]
[SourceVersionDate "2013.11.20"]
[SourceQuality "1"]
[WhiteTeam "Maspalomas"]
[BlackTeam "Cajota 64"]
[WhiteTeamCountry "ESP"]
[BlackTeamCountry "ESP"]

1. e4 c5 2. Nf3 Qc7 3. d4 cxd4 4. Nxd4 Nf6 5. Bd3 d5 6. Nc3 dxe4 7. Nxe4 Nxe4 8. Bxe4 Qe5 9. Qd3 f5 10. Qb5+ Qxb5 11. Nxb5 fxe4 12. Nc7+ Kd8 13. Nxa8 Nc6 14. Be3 Bg4 15. h3 Bh5 16. g4 Bg6 17. b4 b6 18. Nxb6 axb6 19. Bxb6+ Kc8 20. c3 Ne5 21. Ke2 e6 22. a4 Kb7 23. a5 Bd6 24. Rhd1 Nd3 25. Bd4 e5 26. Be3 Ka6 27. Rdb1 Be8 28. Bd2 Bb5 29. Ke3 Nf4 30. Rc1 Bd3 31. f3 Nd5+ 32. Kf2 Rf8 33. c4 Rxf3+ 34. Kg2 Nf4+ 35. Bxf4 exf4 36. b5+ Ka7 37. c5 Be5 38. b6+ Ka6 39. Ra2 Rg3+ 40. Kh1 e3 41. Ra4 f3 0-1

[Event "Las Palmas Insular-chT Pref qual"]
[Site "San Fernando"]
[Date "2013.04.13"]
[Round "2.4"]
[White "Gonzalez Rodriguez, Jose Francisco"]
[Black "Padron Pulido, Pedro Gabino"]
[Result "1/2-1/2"]
[WhiteElo "1891"]
[BlackElo "1959"]
[PlyCount "54"]
[EventDate "2013.04.06"]
[EventType "team-tourn"]
[EventRounds "3"]
[EventCountry "ESP"]
[SourceTitle "EXT 2014"]
[Source "ChessBase"]
[SourceDate "2013.11.20"]
[SourceVersion "1"]
[SourceVersionDate "2013.11.20"]
[SourceQuality "1"]
[WhiteTeam "San Andres"]
[BlackTeam "Cajota 64"]
[WhiteTeamCountry "ESP"]
[BlackTeamCountry "ESP"]

1. d4 Nf6 2. Nf3 e6 3. e3 b6 4. Bd3 Bb7 5. Nbd2 c5 6. c3 Be7 7. 0-0 d6 8. Re1 Nc6 9. e4 a6 10. Nf1 b5 11. h3 Rc8 12. Bd2 Qb6 13. dxc5 dxc5 14. Rc1 c4 15. Bb1 Rd8 16. Qe2 Bc5 17. Ng3 Nd7 18. Bf4 Ne7 19. Rcd1 Ng6 20. Bg5 Rc8 21. Nh5 Rg8 22. Ng3 h6 23. Bc1 Nde5 24. Nxe5 Nxe5 25. Bf4 Ng6 26. Bc1 Ne5 27. Bf4 Ng6 1/2-1/2

[Event "Las Palmas Insular-chT Primera-A"]
[Site "Las Palmas"]
[Date "2013.01.26"]
[Round "7.2"]
[White "Ramirez Medina, Victor"]
[Black "Padron Pulido, Pedro Gabino"]
[Result "1/2-1/2"]
[WhiteElo "1930"]
[BlackElo "1927"]
[PlyCount "93"]
[EventDate "2012.11.10"]
[EventType "team-tourn"]
[EventRounds "14"]
[EventCountry "ESP"]
[SourceTitle "EXT 2014"]
[Source "ChessBase"]
[SourceDate "2013.11.20"]
[SourceVersion "1"]
[SourceVersionDate "2013.11.20"]
[SourceQuality "1"]
[WhiteTeam "Piscolabis Oleaje San Andres"]
[BlackTeam "Cajota 64"]
[WhiteTeamCountry "ESP"]
[BlackTeamCountry "ESP"]

1. e4 c5 2. Nf3 Qc7 3. d4 cxd4 4. Nxd4 Nf6 5. Nc3 a6 6. Be3 e6 7. a3 Be7 8. Be2 0-0 9. 0-0 d6 10. f4 Nbd7 11. Bf3 Nb6 12. Kh1 Nc4 13. Bc1 Rd8 14. g4 d5 15. e5 Ne4 16. Nxe4 dxe4 17. Bxe4 Nxe5 18. fxe5 Qxe5 19. Qf3 f5 20. Nxf5 exf5 21. Bxf5 Rf8 22. Bf4 Qxb2 23. Qd5+ Kh8 24. Be5 Qb6 25. Rab1 Qc6 26. Qxc6 bxc6 27. Bxc8 Rxf1+ 28. Rxf1 Rxc8 29. Rf7 Bf8 30. Kg2 Kg8 31. Ra7 Re8 32. Bg3 Re2+ 33. Kf3 Rxc2 34. Rxa6 Rc3+ 35. Ke4 Rxa3 36. Rxc6 Ra4+ 37. Kf5 g6+ 38. Ke6 Rxg4 39. Rc8 Rg5 40. Be5 Rf5 41. Bf6 Rf2 42. Be5 Rf5 43. Bf6 h5 44. Be7 Kg7 45. Bxf8+ Rxf8 46. Rxf8 Kxf8 47. Kf6 1/2-1/2

[Event "Las Palmas Insular-chT Primera-A"]
[Site "Las Palmas"]
[Date "2013.01.19"]
[Round "6.2"]
[White "Padron Pulido, Pedro Gabino"]
[Black "Haenen, Tom"]
[Result "1-0"]
[WhiteElo "1927"]
[BlackElo "1823"]
[PlyCount "55"]
[EventDate "2012.11.10"]
[EventType "team-tourn"]
[EventRounds "14"]
[EventCountry "ESP"]
[SourceTitle "EXT 2014"]
[Source "ChessBase"]
[SourceDate "2013.11.20"]
[SourceVersion "1"]
[SourceVersionDate "2013.11.20"]
[SourceQuality "1"]
[WhiteTeam "Cajota 64"]
[BlackTeam "Hispafrica "]
[WhiteTeamCountry "ESP"]
[BlackTeamCountry "ESP"]

1. e4 g6 2. d4 Bg7 3. Nc3 a6 4. Be3 d6 5. Qd2 b5 6. 0-0-0 Nd7 7. f4 Nb6 8. h3 e6 9. f5 b4 10. Nb1 a5 11. Bd3 Bb7 12. fxe6 fxe6 13. Bg5 Qd7 14. Nf3 Nf6 15. Rhe1 0-0 16. Bh6 c5 17. Bxg7 Kxg7 18. e5 Nfd5 19. exd6 Rxf3 20. gxf3 c4 21. Qe2 cxd3 22. Rxd3 Re8 23. Qe5+ Nf6 24. Nd2 Nbd5 25. Ne4 Qa4 26. Nc5 Qxa2 27. d7 Nf4 28. dxe8N+ 1-0

[Event "Las Palmas Insular-chT Primera-A"]
[Site "Las Palmas"]
[Date "2013.01.12"]
[Round "5.1"]
[White "Padron Pulido, Pedro Gabino"]
[Black "Martinez Molina, Jose Juan"]
[Result "1/2-1/2"]
[WhiteElo "1927"]
[BlackElo "1838"]
[PlyCount "60"]
[EventDate "2012.11.10"]
[EventType "team-tourn"]
[EventRounds "14"]
[EventCountry "ESP"]
[SourceTitle "EXT 2014"]
[Source "ChessBase"]
[SourceDate "2013.11.20"]
[SourceVersion "1"]
[SourceVersionDate "2013.11.20"]
[SourceQuality "1"]
[WhiteTeam "Cajota 64"]
[BlackTeam "Villa de Teror "]
[WhiteTeamCountry "ESP"]
[BlackTeamCountry "ESP"]

1. e4 Nf6 2. Nc3 d6 3. d4 g6 4. f3 Bg7 5. Be3 0-0 6. Qd2 e5 7. d5 Nh5 8. 0-0-0 a6 9. Bc4 Nd7 10. Nce2 b5 11. Bd3 Nc5 12. g3 Bd7 13. h4 a5 14. Bg5 Qe8 15. g4 Nxd3+ 16. Qxd3 Nf4 17. Nxf4 exf4 18. Bxf4 b4 19. h5 g5 20. h6 Bxb2+ 21. Kxb2 gxf4 22. Rh5 f6 23. Ne2 Bb5 24. Qd2 Bxe2 25. Qxe2 a4 26. Rd3 b3 27. cxb3 axb3 28. Rxb3 Qa4 29. Kb1 Qd4 30. Rh1 Rfb8 1/2-1/2

[Event "Las Palmas Insular-chT Pref qual"]
[Site "San Fernando"]
[Date "2012.04.28"]
[Round "2.3"]
[White "Padron Pulido, Pedro Gabino"]
[Black "Diaz Suarez, Cayetano"]
[Result "1-0"]
[WhiteElo "2105"]
[BlackElo "1827"]
[PlyCount "43"]
[EventDate "2012.04.14"]
[EventType "team-tourn"]
[EventRounds "3"]
[EventCountry "ESP"]
[SourceTitle "EXT 2014"]
[Source "ChessBase"]
[SourceDate "2013.11.20"]
[SourceVersion "1"]
[SourceVersionDate "2013.11.20"]
[SourceQuality "1"]
[WhiteTeam "Cajota 64"]
[BlackTeam "Guia"]
[WhiteTeamCountry "ESP"]
[BlackTeamCountry "ESP"]

1. f4 d5 2. Nf3 Nf6 3. e3 Bg4 4. b3 g6 5. Bb2 Bg7 6. h3 Bxf3 7. Qxf3 a6 8. Bd3 Nc6 9. 0-0 0-0 10. g4 Nb4 11. f5 Nd7 12. Bxg7 Kxg7 13. Qf4 Nc6 14. g5 f6 15. Nc3 Nde5 16. h4 Nxd3 17. cxd3 gxf5 18. Qxf5 d4 19. Nd5 Qd6 20. Nf4 Kh8 21. g6 Nd8 22. Qh5 1-0

[Event "Las Palmas Insular-chT Pref qual"]
[Site "San Fernando"]
[Date "2012.04.14"]
[Round "1.3"]
[White "Padron Pulido, Pedro Gabino"]
[Black "Rodriguez Lorenzo, Yadira"]
[Result "1-0"]
[WhiteElo "2105"]
[BlackElo "2042"]
[PlyCount "63"]
[EventDate "2012.04.14"]
[EventType "team-tourn"]
[EventRounds "3"]
[EventCountry "ESP"]
[SourceTitle "EXT 2014"]
[Source "ChessBase"]
[SourceDate "2013.11.20"]
[SourceVersion "1"]
[SourceVersionDate "2013.11.20"]
[SourceQuality "1"]
[WhiteTeam "Cajota 64"]
[BlackTeam "Grandama"]
[WhiteTeamCountry "ESP"]
[BlackTeamCountry "ESP"]

1. e4 e6 2. d3 d5 3. Nd2 Nf6 4. Ngf3 c5 5. g3 Be7 6. Bg2 Nc6 7. 0-0 b6 8. e5 Nd7 9. Re1 Bb7 10. Qe2 Qc7 11. Nf1 h6 12. c3 g5 13. h3 0-0-0 14. d4 c4 15. b3 Rdg8 16. bxc4 Ba6 17. Qd1 Bxc4 18. Ne3 Na5 19. Nxc4 Nxc4 20. Nd2 h5 21. Nxc4 Qxc4 22. Re3 h4 23. g4 Kb8 24. a4 Nf8 25. Bf1 Qc8 26. a5 Bd8 27. c4 dxc4 28. Bg2 bxa5 29. Qf3 Bb6 30. Ba3 Qa6 31. Qa8+ Kc7 32. Bd6+ 1-0

[Event "Las Palmas Insular-chT Primera-A"]
[Site "Las Palmas"]
[Date "2011.11.19"]
[Round "2.2"]
[White "Padron Pulido, Pedro Gabino"]
[Black "Diaz Perez, Jose Juan"]
[Result "1-0"]
[WhiteElo "2105"]
[BlackElo "1749"]
[PlyCount "63"]
[EventDate "2011.11.12"]
[EventType "team-tourn"]
[EventRounds "14"]
[EventCountry "ESP"]
[SourceTitle "EXT 2013"]
[Source "ChessBase"]
[SourceDate "2012.11.22"]
[SourceVersion "1"]
[SourceVersionDate "2012.11.22"]
[SourceQuality "1"]
[WhiteTeam "Cajota 64"]
[BlackTeam "Claudio Mendoza"]
[WhiteTeamCountry "ESP"]
[BlackTeamCountry "ESP"]

1. e4 c5 2. Nc3 Nc6 3. g3 d6 4. Bg2 g6 5. d3 Bg7 6. Be3 Nf6 7. h3 0-0 8. Nge2 a6 9. 0-0 Qc7 10. g4 b5 11. Ng3 Bb7 12. Qd2 Rfd8 13. f4 e6 14. f5 d5 15. Bf4 e5 16. Bg5 Rd6 17. Bxf6 Rxf6 18. exd5 Ne7 19. Nge4 Qb6 20. Nxf6+ Bxf6 21. d6 Nc8 22. Nd5 Bxd5 23. Bxd5 Ra7 24. fxg6 Qxd6 25. Bxf7+ Kg7 26. g5 Bd8 27. gxh7 Kxh7 28. g6+ Kg7 29. Rf5 e4 30. Rh5 Rxf7 31. Qh6+ Kf6 32. Rf1+ 1-0